| 000 | 00426nam a2200169Ia 4500 | ||
|---|---|---|---|
| 003 | GCL | ||
| 008 | 140319s9999 xx 000 0 eng d | ||
| 040 |
_aGCL / _cGCL |
||
| 082 | 0 | 4 |
_a920.71 _bC P |
| 100 | 1 | _aCONNOLLY, JOSEPH | |
| 245 | 1 | 0 |
_aP G. WODEHOUSE / _cCONNOLLY, JOSEPH |
| 260 |
_a[S.N] : _bTHAMES AND HUDSON ، _c1987 |
||
| 300 | _a160 P | ||
| 650 | 0 | 4 | _aBIOGRAPHIES |
| 650 | 0 | 4 | _aWODEHAUSE, P. G. |
| 942 |
_2ddc _cBK |
||
| 999 |
_c11682 _d11682 |
||